| 000 | 02614cam a2200601 a 4500 | ||
|---|---|---|---|
| 999 | _c58029 | ||
| 001 | 10222155 | ||
| 003 | LIBRIS | ||
| 005 | 20210609092116.0 | ||
| 008 | 060920s2006 sw |||||||||||000 0|swe| | ||
| 020 |
_a9197546860 _qinb. |
||
| 035 | _a(Bo)392953 | ||
| 035 | _a(Mo)b1633494 | ||
| 040 |
_aNB _ea |
||
| 041 | _aswe | ||
| 082 | 0 | 4 |
_a636.8 _222 (machine generated) |
| 084 |
_aQdfjb _2kssb/8 |
||
| 084 |
_aQdfjb _2kssb/8 |
||
| 100 | 1 |
_aJohansson, Anders, _d1947- _0https://libris.kb.se/31fhjqmm3d5lx4d#it |
|
| 245 | 1 | 0 |
_aTuffe och Kajsa / _cAnders Johansson. |
| 264 | 1 |
_aKalmar : _bÄngö bok & bild, _c2006 |
|
| 264 | 3 |
_aKristianstad : _bKristianstads boktr. |
|
| 300 |
_a[80] s. _bfärgill. _c24 cm |
||
| 340 | _b24 cm | ||
| 500 |
_5Mo _asvenska |
||
| 653 | _aKatter | ||
| 655 | 4 |
_5Mo _aBok |
|
| 887 |
_a{"@id":"5nggr2fh034bdtj","modified":"2019-06-12T17:05:42.763+02:00","checksum":"33997975015"} _2librisxl |
||
| 887 |
_a{"@id":"sx4r6jwz1frg738","modified":"2014-04-01T11:28:42+02:00","checksum":"39000542751"} _2librisxl |
||
| 887 |
_a{"@id":"7ckdcz2d2zm8c7n","modified":"2006-10-11T10:26:50+02:00","checksum":"33914284253"} _2librisxl |
||
| 887 |
_a{"@id":"15c7fr1653g6m7c","modified":"2006-11-23T10:40:43+01:00","checksum":"20612951038"} _2librisxl |
||
| 887 |
_a{"@id":"26ddsjr70vd8n37","modified":"2009-02-23T09:49:45+01:00","checksum":"34372244801"} _2librisxl |
||
| 887 |
_a{"@id":"sx407rxz54gqhvz","modified":"2006-12-05T11:46:08+01:00","checksum":"43325975777"} _2librisxl |
||
| 887 |
_a{"@id":"rw3xsvzx0vl6b06","modified":"2006-09-20T12:52:34+02:00","checksum":"40580656127"} _2librisxl |
||
| 887 |
_a{"@id":"sx4zv2cz5fp1sl5","modified":"2006-09-21T20:00:42+02:00","checksum":"44182058498"} _2librisxl |
||
| 887 |
_a{"@id":"kpwrzp0q46zhn8l","modified":"2006-11-27T15:56:36+01:00","checksum":"18142226467"} _2librisxl |
||
| 942 |
_2z _cBOOK |
||